000 00802nam a22001577a 4500
003 OSt
005 20161027092106.0
008 161027b xxu||||| |||| 00| 0 eng d
040 _cRUA
082 _aVEM THO 2015 B517 Or.1
100 _910966
_aTHO SOPHAL; ថូ សុផល
245 _aSurvey pig disease outbreak and prevention at kangmeas district, kampong cham province, ការអង្កេតពីកម្រិតរាលដាល និង​ការគ្រប់គ្រងជំងឺដែលជួបប្រទះចំពោះជ្រូកចិញ្ចឹមជាលក្ខណៈគ្រួសារ នៅស្រុកកងមាស ខេត្តកំពង់ចាម
260 _aRUA
_bTHO
_c2015
300 _aix,46p.
_bill.
_c29cm.
942 _2ddc
_cVEM
999 _c10554
_d10554